La perrita que le encantaban las tortillas : (Record no. 30939)
[ view plain ]
| 000 -LEADER | |
|---|---|
| fixed length control field | 01138nam a22002897a 4500 |
| 001 - CONTROL NUMBER | |
| control field | sjds |
| 003 - CONTROL NUMBER IDENTIFIER | |
| control field | sjds |
| 005 - DATE AND TIME OF LATEST TRANSACTION | |
| control field | 20250407213848.0 |
| 008 - FIXED-LENGTH DATA ELEMENTS--GENERAL INFORMATION | |
| fixed length control field | 250407b |||||||| |||| 00| 0 eng d |
| 020 ## - INTERNATIONAL STANDARD BOOK NUMBER | |
| International Standard Book Number | 9780545872546 |
| 020 ## - INTERNATIONAL STANDARD BOOK NUMBER | |
| International Standard Book Number | 0545872545 |
| 040 ## - CATALOGING SOURCE | |
| Transcribing agency | sjds |
| 041 ## - LANGUAGE CODE | |
| Language code of text/sound track or separate title | eng |
| -- | spa |
| 100 10 - MAIN ENTRY--PERSONAL NAME | |
| Personal name | Saenz, Benjamin Alire |
| 245 13 - TITLE STATEMENT | |
| Title | La perrita que le encantaban las tortillas : |
| Remainder of title | un libro de Dieguito = The dog who loved tortillas : a Little Diego book |
| Statement of responsibility, etc. | Benjamin Alire Sáenz (Author), Geronimo Garcia (Illustrator) |
| 246 ## - VARYING FORM OF TITLE | |
| Title proper/short title | The dog who loved tortillas : |
| Remainder of title | a Little Diego book |
| 246 ## - VARYING FORM OF TITLE | |
| Title proper/short title | La perrita que le encantaban las tortillas |
| 260 ## - PUBLICATION, DISTRIBUTION, ETC. (IMPRINT) | |
| Place of publication, distribution, etc. | New York : |
| Name of publisher, distributor, etc. | Scholastic Inc., |
| Date of publication, distribution, etc. | 2009 |
| 300 ## - PHYSICAL DESCRIPTION | |
| Extent | 36 pages : |
| Other physical details | color illustrations ; |
| Dimensions | 21 x 26 cm |
| 440 ## - SERIES STATEMENT/ADDED ENTRY--TITLE | |
| Title | "A Little Diego Book." |
| 440 ## - SERIES STATEMENT/ADDED ENTRY--TITLE | |
| Title | "Un Libro de Dieguito." |
| 500 ## - GENERAL NOTE | |
| General note | Bilingual = Bilingue |
| 520 ## - SUMMARY, ETC. | |
| Summary, etc. | When Gabriela and her brother Little Diego get a puppy named Sofie, they fight over who she belongs to, but when Sofie gets very sick they find the answer |
| 521 ## - TARGET AUDIENCE NOTE | |
| Target audience note | Grades 1-3. |
| 700 10 - ADDED ENTRY--PERSONAL NAME | |
| Personal name | Garcia, Geronimo |
| Relator term | illustrator |
| 942 ## - ADDED ENTRY ELEMENTS (KOHA) | |
| Koha item type | Libro/Book |
| Withdrawn status | Lost status | Damaged status | Not for loan | Home library | Current library | Date acquired | Inventory number | Total Checkouts | Full call number | Barcode | Date last seen | Price effective from | Koha item type |
|---|---|---|---|---|---|---|---|---|---|---|---|---|---|
| Las Brisas 1 -- Satellite | Las Brisas 1 -- Satellite | 07/04/2025 | Inventory date: 7/4/25 | JI | 40001703 | 07/04/2025 | 07/04/2025 | Libro/Book |